大乱闘スマッシュブラザーズSPに登場するステージ - Statistics

General Stats
  • This quiz has been taken 80 times
  • The average score is 25 of 115
Answer Stats
ステージ名 出典 % Correct
終点 大乱闘スマッシュブラザーズ シリーズ
91%
戦場 大乱闘スマッシュブラザーズ シリーズ
87%
大戦場 大乱闘スマッシュブラザーズ シリーズ
72%
小戦場 大乱闘スマッシュブラザーズ シリーズ
62%
ピーチ城 スーパーマリオ64
49%
ポケモンスタジアム ポケットモンスター シリーズ
49%
ルイージマンション ルイージマンション
48%
プププランド 星のカービィ シリーズ
42%
神殿 ゼルダの伝説 シリーズ
41%
夢の泉 星のカービィ 夢の泉の物語
41%
メイド イン ワリオ メイド イン ワリオ
41%
ヨッシーアイランド スーパーマリオ ヨッシーアイランド
39%
ポケモンスタジアム2 ポケットモンスター シリーズ
39%
いにしえっぽい王国 スーパーマリオブラザーズ
36%
エレクトロプランクトン エレクトロプランクトン
36%
マリオサーキット マリオカート8
36%
バルーンファイト バルーンファイト
35%
戦艦ハルバード 星のカービィ スーパーデラックス
33%
レッキングクルー レッキングクルー
33%
ハイラル城 ゼルダの伝説 時のオカリナ
32%
マリオブラザーズ マリオブラザーズ
32%
タチウオパーキング スプラトゥーン シリーズ
32%
ピーチ城 上空 スーパーマリオ64
30%
いにしえの王国 スーパーマリオブラザーズ
30%
オネット MOTHER2
30%
すま村 どうぶつの森 シリーズ
30%
オルディン大橋 ゼルダの伝説 トワイライトプリンセス
29%
コンゴジャングル スーパードンキーコング
26%
ビッグブルー F-ZERO シリーズ
26%
ドルピックタウン スーパーマリオサンシャイン
26%
シャドーモセス島 メタルギアソリッド
26%
洞窟大作戦 星のカービィ スーパーデラックス
26%
村と街 街へいこうよ どうぶつの森
26%
ダックハント ダックハント
26%
スーパーマリオメーカー スーパーマリオメーカー
26%
三島道場 鉄拳7
26%
ニューポークシティ MOTHER3
25%
テンガンざん やりのはしら ポケットモンスター ダイヤモンド・パール
25%
パックランド パックランド
25%
ヤマブキシティ ポケットモンスター 赤・緑
23%
惑星コーネリア スターフォックス シリーズ
23%
攻城戦 ファイアーエムブレム シリーズ
23%
トモダチコレクション トモダチコレクション
23%
カロスポケモンリーグ ポケットモンスター X・Y
23%
ヨッシーストーリー ヨッシーストーリー
22%
汽車 ゼルダの伝説 大地の汽笛
22%
75m ドンキーコング
22%
ノルフェア メトロイド シリーズ
20%
エンジェランド 新・光神話 パルテナの鏡
20%
特設リング PUNCH-OUT!!
20%
ブリンスタ メトロイド シリーズ
19%
グリーングリーンズ 星のカービィ シリーズ
19%
とある星 ピクミン シリーズ
19%
ペーパーマリオ ペーパーマリオ シリーズ
19%
パイロットウイングス パイロットウイングス シリーズ
19%
ウーフーアイランド Wii Sports Resort
19%
スーパーしあわせのツリー ヨッシーストーリー
17%
ヨースター島 スーパーマリオワールド
17%
ブリンスタ深部 メトロイド シリーズ
17%
グリーンヒルゾーン ソニック・ザ・ヘッジホッグ
17%
ゲーマー ゲーム&ワリオ
17%
ガウル平原 ゼノブレイド
17%
メメントス ペルソナ5
17%
ピクトチャット2 ピクトチャット
17%
3Dランド スーパーマリオ 3Dランド
17%
エイトクロスサーキット マリオカートDS
16%
初期化爆弾の森 新・光神話 パルテナの鏡
16%
朱雀城 ストリートファイターII
16%
始まりの塔 ゼルダの伝説 ブレス オブ ザ ワイルド
16%
ホロウバスティオン キングダムハーツ シリーズ
16%
グレートベイ ゼルダの伝説 ムジュラの仮面
14%
フォーサイド MOTHER2
14%
プリズムタワー ポケットモンスター X・Y
14%
すれちがい伝説 すれちがいMii広場
14%
アンブラの時計塔 ベヨネッタ シリーズ
14%
ドラキュラ城 悪魔城ドラキュラ シリーズ
14%
KOFスタジアム 餓狼伝説 シリーズ
14%
Wii Fit スタジオ Wii Fit
14%
いかだと滝 ドンキーコング シリーズ
13%
ライラットクルーズ スターフォックス シリーズ
13%
天空界 光神話 パルテナの鏡
13%
イッシュポケモンリーグ ポケットモンスター ブラック・ホワイト
13%
マジカント MOTHER シリーズ
13%
コトブキランド とびだせ どうぶつの森
13%
子犬がいるリビング nintendogs
13%
闘技場 ファイアーエムブレム シリーズ
13%
ワイリー基地 ロックマン シリーズ
13%
ニュードンク市庁舎 スーパーマリオオデッセイ
13%
クルクルやま バンジョーとカズーイの大冒険 シリーズ
13%
レインボークルーズ スーパーマリオ64
12%
頂上 アイスクライマー
12%
野原 New スーパーマリオブラザーズ 2
12%
ゲルドの谷 ゼルダの伝説 時のオカリナ
12%
ミッドガル ファイナルファンタジーVII
12%
フラットゾーンX ゲーム&ウオッチ
12%
惑星ベノム スターフォックス シリーズ
10%
フリゲートオルフェオン メトロイドプライム
10%
海賊船 ゼルダの伝説 風のタクト
10%
マリオギャラクシー スーパーマリオギャラクシー
10%
スカイロフト ゼルダの伝説 スカイウォードソード
10%
ジャングルガーデン ドンキーコング64
9%
フェリア闘技場 ファイアーエムブレム 覚醒
9%
スプリングスタジアム ARMS
9%
マインクラフト ワールド Minecraft
9%
ポートタウン エアロダイブ F-ZERO GX/AX
7%
再会の花園 ピクミン3
7%
天空の祭壇 ドラゴンクエストⅪ 過ぎ去りし時を求めて
7%
プププランド GB 星のカービィ
7%
いにしえの王国 USA スーパーマリオUSA
7%
ミュートシティ SFC F-ZERO
6%
マリオUワールド New スーパーマリオブラザーズ U
6%
北の大空洞 ファイナルファンタジーVII
4%
アルストの雲海 ゼノブレイド2
4%
ガルグ=マク大修道院 ファイアーエムブレム 風花雪月
3%
ウィンディヒル ソニック ロストワールド
0%
No matching quizzes found
Score Distribution
Percent of People with Each Score
Percentile by Number Answered
Your Score History
You have not taken this quiz